Statistics for Super Mario Odyssey: Cap Kingdom Moons

Click here to take the quiz!

General Stats

  • This quiz has been taken 4 times
  • The average score is 4 of 31

Answer Stats

HintAnswer% Correct
13Taxi Flying Through Bonneton
100%
25Bird Traveling in the Fog
50%
19Danger Sign
50%
16Peach in the Cap Kingdom
50%
5Shopping in Bonneton
50%
6Skimming the Poison Tide
50%
12The Forgotten Treasure
50%
14Bonneted Blockade
0%
29Cap Kingdom Master Cup
0%
15Cap Kingdom Regular Cup
0%
3Cap Kingdom Timer Challenge 1
0%
28Cap Kingdom Timer Challenge 2
0%
26Caught Hopping Near the Ship!
0%
21Fly to the Edge of the Fog
0%
24Fog-Shrouded Platform
0%
17Found with Cap Kingdom Art
0%
1Frog-Jumping Above the Fog
0%
2Frog-Jumping from the Top Deck
0%
4Good Evening, Captain Toad!
0%
9Hidden Among the Push-Blocks
0%
23Hidden in a Sunken Hat
0%
18Next to the Glasses Bridge
0%
31Precision Rolling
0%
8Push-Block Peril
0%
30Roll On and On
0%
10Searching the Frog Pond
0%
11Secrets of the Frog Pond
0%
7Slipping Though the Poison Tide
0%
22Spin the Hat, Get a Prize
0%
27Taking Notes: In the Fog
0%
20Under the Big One’s Brim
0%

Score Distribution

Percentile by Number Answered

Percent of People with Each Score

Your Score History

You have not taken this quiz